| 000 | 00412nam a2200169Ia 4500 | ||
|---|---|---|---|
| 008 | 230711s9999||||xx |||||||||||||| ||und|| | ||
| 020 | _a978-1-118-90727-6 | ||
| 041 | _aENG | ||
| 082 |
_a615.19 _bRI-D |
||
| 100 | _aNG.Rick | ||
| 245 | 0 | _aDrug from Discovery to Approval | |
| 250 | _a3rd Ed. | ||
| 260 |
_c2015 _aNew Jersey _bWiley-Blackwell Publishing |
||
| 300 | _a536p. | ||
| 650 | _aPharmacy | ||
| 942 | _cBK | ||
| 999 |
_c7352 _d7352 |
||